<?xml version="1.0" encoding="UTF-8"?>
<resp>
  <nextPage>https://data.bn.org.pl/api/networks/bibs.marcxml?marc=001+b00001150003309&amp;sinceId=1150003310</nextPage>
  <collection>
    <record xmlns='http://www.loc.gov/MARC21/slim'><leader>00911namZa2200289ZiZ4500</leader><controlfield tag='001'>b00001150003309</controlfield><controlfield tag='005'>20260403094914.9</controlfield><controlfield tag='008'>230609s        pl           |000 0 pol c</controlfield><controlfield tag='009'>9913262213805606</controlfield><datafield ind1=' ' ind2=' ' tag='020'><subfield code='a'>837023836X</subfield></datafield><datafield ind1=' ' ind2=' ' tag='035'><subfield code='a'>KR_1KR_1_20120317231238096075-48omnis_kr</subfield></datafield><datafield ind1=' ' ind2=' ' tag='035'><subfield code='a'>KR_1_20120317231238096075</subfield><subfield code='9'>ExL</subfield></datafield><datafield ind1=' ' ind2=' ' tag='035'><subfield code='a'>(PL)b00001150003309</subfield></datafield><datafield ind1=' ' ind2=' ' tag='040'><subfield code='a'>KR_1</subfield><subfield code='c'>KR_1</subfield></datafield><datafield ind1='0' ind2=' ' tag='041'><subfield code='a'>pol</subfield></datafield><datafield ind1='1' ind2=' ' tag='100'><subfield code='a'>Bobrowicz, Grzegorz</subfield></datafield><datafield ind1='1' ind2='0' tag='245'><subfield code='a'>Tajniki naszych lasów /</subfield><subfield code='c'>Grzegorz Bobrowicz ; z fot. aut.</subfield></datafield><datafield ind1=' ' ind2=' ' tag='260'><subfield code='a'>Wrocław :</subfield><subfield code='b'>Wydaw. Dolnośląskie,</subfield><subfield code='c'>2001.</subfield></datafield><datafield ind1=' ' ind2=' ' tag='300'><subfield code='a'>48 s. :</subfield><subfield code='b'>il. (gł. kolor.), 2 mapy ;</subfield><subfield code='c'>25 cm.</subfield></datafield><datafield ind1='1' ind2=' ' tag='490'><subfield code='a'>Tego nie ma w Podręczniku</subfield></datafield><datafield ind1=' ' ind2=' ' tag='500'><subfield code='a'>dd</subfield></datafield><datafield ind1=' ' ind2='9' tag='650'><subfield code='a'>Las</subfield><subfield code='z'>Polska</subfield><subfield code='v'>wydawnictwa popularne</subfield></datafield><datafield ind1=' ' ind2=' ' tag='852'><subfield code='b'>48OMNIS_NETWORK</subfield><subfield code='8'>9913262213805606</subfield></datafield><datafield ind1=' ' ind2=' ' tag='852'><subfield code='b'>48OMNIS_KR</subfield><subfield code='8'>991000033079708216</subfield></datafield><datafield ind1=' ' ind2=' ' tag='920'><subfield code='a'>83-7023-836-X</subfield></datafield></record>
  </collection>
</resp>
